[Event "4NCL Division 1a"]
[Site "Birmingham, ENG ENG"]
[Date "2016.02.13"]
[Round "5.138"]
[White "Lewyk, Ihor"]
[Black "Regan, Natasha K"]
[Result "1-0"]
[WhiteElo "2044"]
[BlackElo "2057"]
[PlyCount "65"]
[EventDate "2016.02.13"]
[WhiteTeam "White Rose 2"]
[BlackTeam "Barbican 4NCL 1"]

1. Nf3 Nf6 2. c4 b6 3. g3 Bb7 4. Bg2 g6 5. O-O Bg7 6. Nc3 O-O 7. d3 d5 8. cxd5
Nxd5 9. Qb3 Nxc3 10. bxc3 Qd5 11. c4 Qh5 12. Bb2 Nd7 13. d4 Nf6 14. Rfe1 a5 15.
a4 Rad8 16. Rad1 Be4 17. Ba3 Rfe8 18. Ne5 Bxg2 19. Kxg2 Ng4 20. Nxg4 Qxg4 21.
f3 Qc8 22. d5 e6 23. e4 Qd7 24. Re2 Rb8 25. Qb5 c6 26. Qb3 exd5 27. cxd5 b5 28.
dxc6 Qxc6 29. Rc2 Qa8 30. Rc7 Re6 31. Rdd7 Rbe8 32. Rxf7 Be5 33. Rfe7 1-0

[Event "4NCL Division 1a"]
[Site "Birmingham, ENG ENG"]
[Date "2016.02.13"]
[Round "5.141"]
[White "Lund, D Brett"]
[Black "Tan, Justin"]
[Result "1/2-1/2"]
[WhiteElo "2286"]
[BlackElo "2440"]
[PlyCount "81"]
[EventDate "2016.02.13"]
[WhiteTeam "Spirit of Atticus A"]
[BlackTeam "Oxford 1"]

1. c4 e5 2. g3 c6 3. Bg2 d5 4. cxd5 cxd5 5. d4 e4 6. Nc3 Nc6 7. f3 exf3 8. Nxf3
Bb4 9. O-O Nge7 10. a3 Bxc3 11. bxc3 Bf5 12. Nh4 Be6 13. e4 Qd7 14. Qd3 f6 15.
a4 O-O-O 16. a5 a6 17. Ba3 Rde8 18. Bc5 g5 19. Nf5 Nxf5 20. exf5 Bf7 21. Rfb1
h5 22. Rb6 Re4 23. Rab1 Rhe8 24. Bxe4 dxe4 25. Qe2 Nxa5 26. Rxf6 e3 27. Rd6
Qxf5 28. Rf1 Qh7 29. d5 Bg6 30. Re6 Rd8 31. Qxe3 Nc4 32. Qd4 Bd3 33. Re7 Qg6
34. Rf6 Nd2 35. Rxg6 Nf3+ 36. Kg2 Nxd4 37. Bxd4 Bxg6 38. c4 Bd3 39. Be5 Rd7 40.
Re8+ Rd8 41. Re7 1/2-1/2

[Event "4NCL Division 1a"]
[Site "Birmingham, ENG ENG"]
[Date "2016.02.13"]
[Round "5.142"]
[White "Zakarian, David"]
[Black "Quillan, Gary"]
[Result "1-0"]
[WhiteElo "2382"]
[BlackElo "2320"]
[PlyCount "91"]
[EventDate "2016.02.13"]
[WhiteTeam "Oxford 1"]
[BlackTeam "Spirit of Atticus A"]

1. e4 e6 2. Qe2 c5 3. Nf3 Nc6 4. g3 Nf6 5. e5 Nd5 6. Nc3 Ndb4 7. d3 Nd4 8. Nxd4
cxd4 9. Ne4 Qa5 10. c3 Nc6 11. Bg2 dxc3 12. O-O Nxe5 13. Nxc3 Nc6 14. Nd5 Bd6
15. b4 Qd8 16. b5 Nd4 17. Qg4 Be5 18. Bf4 h5 19. Qd1 Bxf4 20. Nxf4 Nxb5 21. d4
Qf6 22. Nd5 Qd8 23. Re1 O-O 24. Nf4 d5 25. Nxh5 g6 26. Nf4 Qf6 27. Re5 Bd7 28.
h4 Nd6 29. Qd3 Bb5 30. Qb1 Bc6 31. Qb4 Nf5 32. Rae1 Nxh4 33. Qd2 Nf5 34. g4 Nd6
35. Nh5 gxh5 36. Rg5+ Kh8 37. Rxh5+ Kg8 38. Rg5+ Kh8 39. Re3 Qh6 40. Rh3 Qxh3
41. Bxh3 f6 42. Rh5+ Kg7 43. Qh6+ Kf7 44. g5 Ne4 45. Qh7+ Ke8 46. g6 1-0

[Event "4NCL Division 1a"]
[Site "Birmingham, ENG ENG"]
[Date "2016.02.13"]
[Round "5.143"]
[White "Ivell, Nicholas W"]
[Black "Harvey, Marcus R"]
[Result "0-1"]
[WhiteElo "2258"]
[BlackElo "2324"]
[PlyCount "54"]
[EventDate "2016.02.13"]
[WhiteTeam "Spirit of Atticus A"]
[BlackTeam "Oxford 1"]

1. e4 e6 2. d4 d5 3. Nd2 c5 4. Ngf3 Nc6 5. exd5 exd5 6. Bb5 Bd6 7. dxc5 Bxc5 8.
O-O Nge7 9. Nb3 Bd6 10. Bg5 O-O 11. Bh4 Qb6 12. Be2 a5 13. a4 Nf5 14. Qxd5 Nb4
15. Qe4 Bd7 16. c3 Rfe8 17. Qg4 Rxe2 18. cxb4 Qxb4 19. Qxb4 axb4 20. Bg5 Rxb2
21. Nbd4 Nxd4 22. Nxd4 Bc5 23. Be3 Rxa4 24. Rxa4 Bxa4 25. Ra1 f6 26. Bc1 Rxf2
27. Be3 Rd2 0-1

[Event "4NCL Division 1a"]
[Site "Birmingham, ENG ENG"]
[Date "2016.02.13"]
[Round "5.144"]
[White "Claridge-Hansen, William"]
[Black "Carleton, John J"]
[Result "1/2-1/2"]
[WhiteElo "2294"]
[BlackElo "2285"]
[PlyCount "82"]
[EventDate "2016.02.13"]
[WhiteTeam "Oxford 1"]
[BlackTeam "Spirit of Atticus A"]

1. c4 e6 2. g3 d5 3. Nf3 Nf6 4. Bg2 dxc4 5. Qa4+ Nbd7 6. Qxc4 a6 7. Qc2 c5 8.
O-O b5 9. a4 Bb7 10. axb5 axb5 11. Rxa8 Qxa8 12. Na3 Bc6 13. Nh4 b4 14. Nc4 Be7
15. Bxc6 Qxc6 16. b3 O-O 17. Bb2 Ra8 18. f4 Ne8 19. Nf3 f6 20. g4 Nd6 21. f5
Nxc4 22. Qxc4 Qd5 23. Qc2 exf5 24. gxf5 Qf7 25. Ra1 Rxa1+ 26. Bxa1 Nb6 27. e4
g6 28. fxg6 hxg6 29. d3 Qe6 30. Qg2 g5 31. Nd2 Bd6 32. d4 cxd4 33. Bxd4 Be5 34.
Nf3 Nd7 35. Nxe5 Nxe5 36. Qg3 Nc6 37. Bb2 Kf7 38. Qf3 Kg6 39. Qd3 Ne5 40. Bxe5
Qxe5 41. Qc4 Qb8 1/2-1/2

[Event "4NCL Division 1a"]
[Site "Birmingham, ENG ENG"]
[Date "2016.02.13"]
[Round "5.145"]
[White "House, Glenn L"]
[Black "Hansen, Hans-Peter"]
[Result "0-1"]
[WhiteElo "2215"]
[BlackElo "2250"]
[PlyCount "78"]
[EventDate "2016.02.13"]
[WhiteTeam "Spirit of Atticus A"]
[BlackTeam "Oxford 1"]

1. Nf3 c5 2. g3 g6 3. Bg2 Bg7 4. O-O Nc6 5. d3 d6 6. e4 e5 7. c3 Nge7 8. a3 O-O
9. b4 a6 10. Bb2 h6 11. Nbd2 Be6 12. Qe2 Qd7 13. Nc4 Rad8 14. Nfd2 Qc7 15. Ne3
b5 16. Nd5 Qa7 17. a4 bxa4 18. Rxa4 cxb4 19. cxb4 Qb7 20. Nxe7+ Nxe7 21. Rfa1
Nc6 22. Bc3 Ra8 23. Nc4 Rfd8 24. Qb2 Bf8 25. h3 Qb5 26. Bf1 Bg7 27. Kh2 f5 28.
Ne3 Qb7 29. Bg2 fxe4 30. dxe4 Nd4 31. Re1 Nb5 32. Bd2 Rf8 33. Kg1 Nd4 34. Ng4
h5 35. Nh2 Ne2+ 36. Rxe2 Qb5 37. Bg5 Qxa4 38. Be7 Rf7 39. Bxd6 Qd1+ 0-1

[Event "4NCL Division 1a"]
[Site "Birmingham, ENG ENG"]
[Date "2016.02.13"]
[Round "5.146"]
[White "Handley, Michael R"]
[Black "Mitchell, Martin"]
[Result "0-1"]
[WhiteElo "2222"]
[BlackElo "2175"]
[PlyCount "128"]
[EventDate "2016.02.13"]
[WhiteTeam "Oxford 1"]
[BlackTeam "Spirit of Atticus A"]

1. d4 Nf6 2. Nf3 e6 3. c4 c5 4. d5 exd5 5. cxd5 d6 6. Nc3 g6 7. h3 Bg7 8. e4
O-O 9. Bd3 Nh5 10. Bg5 Bf6 11. Be3 Nd7 12. O-O Re8 13. Nd2 Bd4 14. Bxd4 cxd4
15. Ne2 Nc5 16. Qc2 Bd7 17. b4 Na4 18. Nf3 Rc8 19. Qd2 Nc3 20. Nexd4 Nxe4 21.
Bxe4 Rxe4 22. Rfe1 Rxe1+ 23. Rxe1 Qf6 24. Ne2 Bxh3 25. Ng3 Nxg3 26. fxg3 Bf5
27. Qh6 Qc3 28. Re3 Qf6 29. Ng5 Qa1+ 30. Kh2 Qg7 31. Qh4 h6 32. Ne4 g5 33. Qh5
Rd8 34. Qf3 Qg6 35. g4 Bxe4 36. Rxe4 Kf8 37. Qe3 h5 38. gxh5 Qxh5+ 39. Qh3
Qxh3+ 40. Kxh3 Rc8 41. Kg4 Rc2 42. g3 Rxa2 43. Rc4 Rd2 44. Rc7 Rxd5 45. Rxb7 a5
46. b5 Kg7 47. b6 Kf6 48. Ra7 Rb5 49. b7 Kg6 50. Ra6 Rxb7 51. Rxd6+ f6 52. Ra6
Rb3 53. Kh3 Ra3 54. Kg4 Ra4+ 55. Kf3 Kf5 56. Rc6 Ra3+ 57. Kg2 Ra2+ 58. Kf3 Ra3+
59. Kg2 Re3 60. Ra6 Kg4 61. Rxf6 Re2+ 62. Kf1 Ra2 63. Rg6 Kf3 64. Ke1 g4 0-1

[Event "4NCL Division 1a"]
[Site "Birmingham, ENG ENG"]
[Date "2016.02.13"]
[Round "5.147"]
[White "Jackson, Sheila"]
[Black "Dickinson, Tim R"]
[Result "1-0"]
[WhiteElo "2144"]
[BlackElo "2108"]
[PlyCount "57"]
[EventDate "2016.02.13"]
[WhiteTeam "Spirit of Atticus A"]
[BlackTeam "Oxford 1"]

1. e4 c5 2. Nc3 e6 3. f4 d5 4. d3 Nf6 5. Nf3 Be7 6. g3 O-O 7. e5 Nfd7 8. Bg2
Nc6 9. O-O Rb8 10. a4 a6 11. Qe2 b5 12. axb5 axb5 13. b3 Qb6 14. Kh1 Ba6 15.
Bh3 Nb4 16. f5 f6 17. fxe6 Nxe5 18. Bf4 Nxf3 19. Rxf3 Rbc8 20. Bg2 c4 21. dxc4
bxc4 22. Na4 Qc6 23. Rc3 cxb3 24. Rxc6 Bxe2 25. Rxc8 Rxc8 26. cxb3 Rc6 27. Nc3
g5 28. Nxe2 Rxe6 29. Nd4 1-0

[Event "4NCL Division 1a"]
[Site "Birmingham, ENG ENG"]
[Date "2016.02.13"]
[Round "5.148"]
[White "Matta, Francesca"]
[Black "Robertson, David J"]
[Result "1-0"]
[WhiteElo "1975"]
[BlackElo "2102"]
[PlyCount "37"]
[EventDate "2016.02.13"]
[WhiteTeam "Oxford 1"]
[BlackTeam "Spirit of Atticus A"]

1. d4 Nf6 2. c4 e6 3. Nc3 d5 4. cxd5 exd5 5. Bg5 Be7 6. e3 c6 7. Bd3 Nbd7 8.
Nf3 h6 9. Bh4 O-O 10. O-O Nb6 11. Qc2 Be6 12. Na4 Nxa4 13. Qxa4 Ne8 14. Bxe7
Qxe7 15. Ne5 Nd6 16. Rfc1 Rfd8 17. b4 a6 18. Qc2 f6 19. Bh7+ 1-0